| 000 | 00440nam a2200157Ia 4500 | ||
|---|---|---|---|
| 008 | 210716s2012 xx 000 0 und d | ||
| 020 | _a9781439816806 | ||
| 041 | _aeng | ||
| 082 | _a519.535 AFIA | ||
| 100 | _aAbdelmonem, Afifi; May, Susanne; Clark, Virginia A. | ||
| 245 | _aPractical multivariate analysis. | ||
| 250 | _a5 | ||
| 260 |
_aNew York _bCRC Press _c2012 |
||
| 300 | _axviii, 517 | ||
| 650 | _aStatistical Mathematics(519.5) | ||
| 999 |
_c196512 _d196512 |
||